书目信息 |
| 题名: |
现代经济学大典
|
|
| 作者: | 洪银兴 总主编 ;黄少安 主编 | |
| 分册: | 制度经济学分册 | |
| 出版信息: | 北京 经济科学出版社 2016 |
|
| 页数: | 177页 | |
| 开本: | 25cm | |
| 丛书名: | ||
| 单 册: | ||
| 中图分类: | F0-61 , F091.349-61 | |
| 科图分类: | ||
| 主题词: | 经济学--jing ji xue--名词术语 , 制度经济学--zhi du jing ji xue--名词术语 | |
| 电子资源: | ||
| ISBN: | 978-7-5141-7111-2 | |
| 000 | 01086nam0 22002891 450 | |
| 001 | 1730328427 | |
| 005 | 20170527085616.67 | |
| 010 | @a978-7-5141-7111-2@dCNY69.00 | |
| 100 | @a20161027d2016 em y0chiy50 ea | |
| 101 | 0 | @achi@eeng |
| 102 | @aCN@b110000 | |
| 105 | @ay z 000yy | |
| 106 | @ar | |
| 200 | 1 | @a现代经济学大典@Axian dai jing ji xue da dian@i制度经济学分册@f洪银兴总主编@g黄少安主编 |
| 210 | @a北京@c经济科学出版社@d2016 | |
| 215 | @a177页@d25cm | |
| 300 | @a国家出版基金项目 | |
| 304 | @a英文共同题名:A dictionary of modern economics | |
| 330 | @a本书涉及理论经济学和应用经济学两个一级学科门类的14个学科或领域,本册为制度经济学分册,主要内容包括:制度经济学、马克思主义经济学的制度理论、旧制度经济学、新制度经济学等。 | |
| 606 | 0 | @a经济学@Ajing ji xue@x名词术语 |
| 606 | 0 | @a制度经济学@Azhi du jing ji xue@x名词术语 |
| 690 | @aF0-61@v5 | |
| 690 | @aF091.349-61@v5 | |
| 701 | 0 | @a洪银兴@Ahong yin xing@f(1950~)@4总主编 |
| 702 | 0 | @a黄少安@Ahuang shao an@f(1962~)@4主编 |
| 801 | 0 | @aCN@bTANG WEI@c20170523 |
| 905 | @b0969548-52@dF0-61@e508:5@f5 | |
| 现代经济学大典.制度经济学分册/洪银兴总主编/黄少安主编 .-北京:经济科学出版社,2016 |
| 177页;25cm |
| 国家出版基金项目 |
| ISBN 978-7-5141-7111-2:CNY69.00 |
| 本书涉及理论经济学和应用经济学两个一级学科门类的14个学科或领域,本册为制度经济学分册,主要内容包括:制度经济学、马克思主义经济学的制度理论、旧制度经济学、新制度经济学等。 |
| ● |
| 相关链接 |
|
|
|
|
正题名:现代经济学大典
索取号:F0-61/508:5
 
预约/预借
| 序号 | 登录号 | 条形码 | 馆藏地/架位号 | 状态 | 备注 |
| 1 | 0969548 | 209695481 | 第一样本阅览室/ [索取号:F0-61/508:5] | 在馆 | |
| 2 | 0969549 | 209695490 | 第一借阅区/ [索取号:F0-61/508:5] | 在馆 | |
| 3 | 0969550 | 209695506 | 第一借阅区/ [索取号:F0-61/508:5] | 在馆 | |
| 4 | 0969551 | 209695515 | 第一借阅区/ [索取号:F0-61/508:5] | 在馆 | |
| 5 | 0969552 | 209695524 | 密集书库-海洋学院/ [索取号:F0-61/508:5] | 在馆 |